| 000 | 00836nam a22001937a 4500 | ||
|---|---|---|---|
| 003 | OSt | ||
| 005 | 20250909185646.0 | ||
| 008 | 240903b ||||| |||| 00| 0 eng d | ||
| 040 | _c0 | ||
| 082 | _aDPer 808.042 C686 June-February 2021 v. 72-73 n. 1-4 | ||
| 100 |
_aDriscoll, Dana Lynn. _eauthor. _960031 |
||
| 245 |
_aVisible and invisible transfer : _ba longitudinal investigation of learning to write and transfer across five years / _cDana Lynn Driscoll, and Wenqi Cui. |
||
| 260 |
_aUSA ; _bNational Council of Teachers of English , _cDecember 2021. |
||
| 300 |
_aVolume 72-73, pages 229-260 ; _billustration ; _c23 cm. |
||
| 500 | _aCollege Composition & Communication, vol. 73, n. 2, pages 229-260, December 2021. | ||
| 700 |
_aDriscoll, Dana Lynn. _eauthor. _960031 |
||
| 700 |
_aCui, Wenqi. _eauthor. _960032 |
||
| 942 |
_2ddc _cPER |
||
| 999 |
_c21269 _d21269 |
||